| 000 | 00328nam a2200121Ia 4500 | ||
|---|---|---|---|
| 008 | 220217s9999||||xx |||||||||||||| ||und|| | ||
| 082 | _a005.13 SMI | ||
| 100 |
_aSmiley, John _92798 |
||
| 245 | 0 | _aLearn to program with java | |
| 260 |
_aTata mcgraw hill _bNew Delhi _c2003 |
||
| 300 | _b295 | ||
| 650 | _aPROGRAMMING LANGUAGE | ||
| 999 |
_c171432 _d171432 |
||